Hand book on training and development / (Record no. 51802)

MARC details
000 -LEADER
fixed length control field 01050nam a22002777a 4500
005 - DATE AND TIME OF LATEST TRANSACTION
control field 20110421142454.0
008 - FIXED-LENGTH DATA ELEMENTS--GENERAL INFORMATION
fixed length control field 110421t xxu||||| |||| 00| 0 eng d
010 ## - LCCN (DPL NO)
LC control number ENG-102276
020 ## - INTERNATIONAL STANDARD BOOK NUMBER
International Standard Book Number 9788184503050
Terms of availability 880.00
035 ## - SYSTEM CONTROL NUMBER
System control number EN-85809
037 ## - SOURCE OF ACQUISITION
Source of stock number/acquisition DBAD / PUB
040 ## - CATALOGING SOURCE
Original cataloging agency dpl
Language of cataloging English
082 ## - DEWEY DECIMAL CLASSIFICATION NUMBER
Classification number 658.3124
100 ## - MAIN ENTRY--PERSONAL NAME
Personal name Nakkiran,S.
9 (RLIN) 27410
245 ## - TITLE STATEMENT
Title Hand book on training and development /
Statement of responsibility, etc by S. Nakkiran [and] R. Karunakaran
260 ## - PUBLICATION, DISTRIBUTION, ETC. (IMPRINT)
Place of publication, distribution, etc New Delhi
Name of publisher, distributor, etc Deep & Deep Publications
Date of publication, distribution, etc 2011
270 ## - ADDRESS
Address F-159, Rajouri Garden
City New Delhi
Postal code 110027
300 ## - PHYSICAL DESCRIPTION
Extent xiv,288p.
Dimensions 22cm (Hb)
500 ## - GENERAL NOTE
General note Includes bibliographical references and index
650 ## - SUBJECT ADDED ENTRY--TOPICAL TERM
9 (RLIN) 27411
650 ## - SUBJECT ADDED ENTRY--TOPICAL TERM
9 (RLIN) 27412
700 ## - ADDED ENTRY--PERSONAL NAME
Personal name Karunakaran, R.
9 (RLIN) 27415
942 ## - ADDED ENTRY ELEMENTS (KOHA)
Institution code [OBSOLETE] dpl
Item type English Books
Source of classification or shelving scheme Dewey Decimal Classification
Call number suffix NAK
Classification part 658.3124
Holdings
Withdrawn status Lost status Source of classification or shelving scheme Damaged status Not for loan Collection code Home library Current library Date acquired Source of acquisition Cost, normal purchase price Total Checkouts Full call number Barcode Date last seen Copy number Cost, replacement price Koha item type
    Dewey Decimal Classification   Not For Loan Non-fiction D.B.Act.Division D.B.Act.Division 21/04/2011 DBAD/PUB 880.00   658.3124 NAK EN-85809 21/04/2011 1 880.00 English Books

© Delhi Public Library
Hit Counter
free hit counter